00421nam a2200133Ia 4500008004100000020001500041050001500056245002200071260003800093260000900131300001600140999001900156952011200175160319s9999 xx 000 0 und d a9719285516 bR627n 2005 aNoli Me Tangere / bAlberto Enrico Educational Center c2005 a539 pages : c292327d292327 001040aSSISBbSSISBcFILd2016-03-19l0oFil Fic R627n 2005pUS 0546r2016-03-19 00:00:00w2016-03-19yBK